Gregg college keyboarding & document processing

Gespeichert in:
Bibliographische Detailangaben
Format: Buch
Sprache:Undetermined
Veröffentlicht: New York, N.Y. Glencoe/McGraw-Hill 2002
Schlagworte:
Tags: Tag hinzufügen
Keine Tags, Fügen Sie den ersten Tag hinzu!
Thư viện lưu trữ: Trung tâm Học liệu Trường Đại học Cần Thơ
LEADER 00619nam a2200181Ia 4500
001 CTU_164268
008 210402s9999 xx 000 0 und d
020 |c 37.81 
082 |a 652.30076 
082 |b G819/9th 
245 0 |a Gregg college keyboarding & document processing 
245 0 |c Scot Ober ... [et al.]. 
260 |a New York, N.Y. 
260 |b Glencoe/McGraw-Hill 
260 |c 2002 
650 |a Word processing,Keyboarding,Commercial correspondence,Report writing,Xử lý văn bản,Đánh máy,Viết báo cáo 
910 |a Nguyên 
980 |a Trung tâm Học liệu Trường Đại học Cần Thơ